| 000 | 00483cam a2200181ua 4500 | ||
|---|---|---|---|
| 020 |
_a007 099398 x _c87.00 |
||
| 041 |
_aeng _h |
||
| 082 |
_a633.081 _bKIP/PR |
||
| 100 | _aKipps, M S. | ||
| 245 |
_aProduction of field crops: text of agronomy / _cM S Kipps. _hTextual Documents |
||
| 250 |
_a6 / _b. |
||
| 260 |
_aNew Delhi : _bTata Mc-Graw Hill Publishing Company , _c1970. |
||
| 300 | _a790 ; . | ||
| 365 | _a87.00 | ||
| 504 | _a | ||
| 942 | _cBK | ||
| 999 |
_c7276 _d7276 |
||